Finish the Lines XXIV: The Rocketeer Quiz Stats

 Plays Quiz not verified by Sporcle

Challenge
Share
Tweet
Embed
Score 0/20 Timer 05:00
0 Plays Today
% Correct
Jenny: The Rocke-who?
92%
Sinclair: I do my own stunts!
90%
Peevy: Flora Maxwell. There wasn't any point datin' nobody after her.
86%
Valentine: And that includes breaking one of my men in half, huh? The next time you go after one of my men, I'll kill ya.
84%
Valentine: It matters to me. I may not make an honest buck, but I'm 100% American. I don't work for no two-bit Nazi. Let the girl go!
82%
Peevy: Not like this one, you haven't. This one's... This one's a handful. You sneeze in this thing and you're gonna end up upside-down in the bean field.
82%
Jenny: No, I've been working all day.
82%
Secord: But I'm not a gentleman.
82%
Sinclair: It wasn't lies, Jenny. It was acting.
82%
Sinclair: A what? Spy? Saboteur? Fascist? All of the above.
80%
% Correct
Sinclair: Who are they going to believe? A cheap crook, or the number-three box-office star in America?
80%
Jenny: ...would that you drink of my lips...
80%
Sinclair: Against my will, believe me. I'm as much a victim as you are. They're blackmailing me. These are brutal, ruthless men, Jenny.
80%
Peevy: Like a hood ornament.
78%
Secord: Well it's the closest I'll ever get to heaven.
76%
Peevy: Ha! You've gotta be outta your mind!
76%
Valentine: What's he talking about, Sinclair?
72%
Sinclair: Yeah. Like in the comic books.
70%
Valentine: Start talking, Sinclair!
62%
Secord: I don't want to keep it, I just want to borrow it for a while.
56%

You're not logged in!

Compare scores with friends on all Sporcle quizzes.
Join for Free
OR
Log In

You Might Also Like...

Show Comments

Extras

Top Quizzes Today


Score Distribution

Your Account Isn't Verified!

In order to create a playlist on Sporcle, you need to verify the email address you used during registration. Go to your Sporcle Settings to finish the process.

Report this User

Report this user for behavior that violates our Community Guidelines.

Details: